|
|
|
|
| LEADER |
00775nam a2200217 a 4500 |
| 001 |
c000084018 |
| 003 |
CARM |
| 005 |
00000000000000.0 |
| 008 |
910809s1958 enka 00011 eng d |
| 019 |
1 |
|
|a 8264273
|5 LACONCORD2021
|
| 035 |
|
|
|a (OCoLC)30251698
|5 LACONCORD2021
|
| 040 |
|
|
|a VLINC
|c VLINC
|
| 100 |
1 |
|
|a Hancock, Robert.
|
| 245 |
1 |
4 |
|a The A & R man /
|c Robert Hancock ; decorations by Eric Patton.
|
| 260 |
|
|
|a London :
|b Hutchinson,
|c 1958.
|
| 300 |
|
|
|a 159 p. :
|b ill. ;
|c 20 cm.
|
| 700 |
1 |
|
|a Patton, Eric.
|
| 852 |
8 |
|
|b CARM
|h A2:AM04G0
|i A00733
|p 0099386
|f BK
|
| 082 |
0 |
4 |
|a 823.914
|2 20
|
| 999 |
f |
f |
|i 66dfc0b9-b2e9-5657-9144-77564bcff42e
|s eab988ad-c644-5a7d-a59c-ffe6172e6503
|
| 952 |
f |
f |
|p Can circulate
|a CAVAL
|b CAVAL
|c CAVAL
|d CARM 1 Store
|e A00733
|f A2:AM04G0
|h Other scheme
|i book
|m 0099386
|